| Tag |
First Indicator |
Second Indicator |
Subfields |
| LEADER |
00000nam a2200000Ia 4500 |
| 001 |
in00004179913 |
| 005 |
20200807084909.0 |
| 006 |
m g d |
| 007 |
cr bn |||a|bb| |
| 008 |
090520s1625 enk o 000 0 eng d |
| 040 |
|
|
|a UMI
|e dcrb
|c UMI
|
| 035 |
|
|
|a (OCoLC)328110536
|
| 037 |
|
|
|a CL0036000083
|b ProQuest, 789 E. Eisenhower Parkway, Ann Arbor, MI 48108-3218
|
| 043 |
|
|
|a e-uk-en
|
| 090 |
|
|
|a BV245
|b .G43
|
| 049 |
|
|
|a UMIA
|
| 100 |
1 |
|
|a Gee, John,
|d 1596-1639.
|
| 245 |
1 |
0 |
|a Steps of ascension vnto God or, A ladder to heauen. :
|b Contayning prayers and meditations for euery day of the weeke, and for all other times and occasions. /
|c By J.G..
|
| 246 |
3 |
|
|a Ladder to heaven
|
| 246 |
3 |
|
|a Steps of ascension unto God
|
| 260 |
|
|
|a London: :
|b Printed by T.S. for Thomas Walkley, and are to be sold at his shop at the signe of the Eagle and Childe, in Britaines Bursse,,
|c 1625..
|
| 300 |
|
|
|a 1 online resource ([8], 417, [6] pages)
|
| 336 |
|
|
|a text
|b txt
|2 rdacontent
|
| 337 |
|
|
|a computer
|b c
|2 rdamedia
|
| 338 |
|
|
|a online resource
|b cr
|2 rdacarrier
|
| 500 |
|
|
|a Title within double-line border, head- and tail-pieces, initials.
|
| 500 |
|
|
|a Signatures: A⁴ B-S¹² T⁸.
|
| 500 |
|
|
|a Reproduction of original in: British Library.
|
| 510 |
4 |
|
|a STC (2nd edition)
|c 11706.4
|
| 533 |
|
|
|a Electronic reproduction.
|b Ann Arbor, Mich. :
|c UMI,
|d 1999-
|f (Early English books online)
|n Digital version of: (Early English books, 1475-1640 ; 2329:2)
|7 s1999 miun s
|
| 650 |
|
0 |
|a Prayers
|v Early works to 1800.
|
| 650 |
|
0 |
|a Devotional literature, English
|v Early works to 1800.
|
| 830 |
|
0 |
|a Early English books online.
|
| 856 |
4 |
0 |
|u http://proxy.library.tamu.edu/login?url=https://search.proquest.com/docview/2240921440
|z Connect to the full text of this electronic book
|t 0
|
| 994 |
|
|
|a 02
|b UMI
|
| 999 |
f |
f |
|s 00d82d31-15a7-37cc-a0c9-b570522c60cb
|i 581e64bd-e506-3d92-b88e-8baba0284790
|t 0
|
| 952 |
f |
f |
|a Texas A&M University
|b College Station
|c Electronic Resources
|d Available Online
|t 0
|e BV245 .G43
|h Library of Congress classification
|
| 998 |
f |
f |
|a BV245 .G43
|t 0
|l Available Online
|